The White Envelope (Record no. 169239)
[ view plain ]
| 000 -LEADER | |
|---|---|
| fixed length control field | 00685nam a22002177a 4500 |
| 003 - CONTROL NUMBER IDENTIFIER | |
| control field | dpl |
| 005 - DATE AND TIME OF LATEST TRANSACTION | |
| control field | 20191109162618.0 |
| 008 - FIXED-LENGTH DATA ELEMENTS--GENERAL INFORMATION | |
| fixed length control field | 191109b ||||| |||| 00| 0 eng d |
| 010 ## - LIBRARY OF CONGRESS CONTROL NUMBER | |
| LC control number | A-937371 |
| 020 ## - INTERNATIONAL STANDARD BOOK NUMBER | |
| International Standard Book Number | 81-260-0280-8 |
| 035 ## - SYSTEM CONTROL NUMBER | |
| System control number | A-937371 |
| 040 ## - CATALOGING SOURCE | |
| Transcribing agency | 0 |
| 100 ## - MAIN ENTRY--PERSONAL NAME | |
| Personal name | Nandy,Moti |
| Dates associated with a name | 1997 |
| 245 ## - TITLE STATEMENT | |
| Title | The White Envelope |
| Statement of responsibility, etc | Moti Nandy &Translated by Suchandra Chakraborty |
| Medium | English |
| 250 ## - EDITION STATEMENT | |
| Edition statement | First Edition |
| 260 ## - PUBLICATION, DISTRIBUTION, ETC. (IMPRINT) | |
| Place of publication, distribution, etc | New Delhi - 110001 |
| Name of publisher, distributor, etc | Sahitya Akademi Rabindra Bhavan,35 Ferozeshah Road |
| Date of publication, distribution, etc | 1997 |
| 300 ## - PHYSICAL DESCRIPTION | |
| Extent | 120p. |
| Dimensions | 15cms |
| Size of unit | 15cms |
| 500 ## - GENERAL NOTE | |
| General note | Acknowledgement & Translator's Note &Glossary |
| 700 ## - ADDED ENTRY--PERSONAL NAME | |
| Personal name | Suchandra Chakraborty |
| 942 ## - ADDED ENTRY ELEMENTS (KOHA) | |
| Source of classification or shelving scheme | Dewey Decimal Classification |
| Koha item type | English Books |
| Classification part | N |
| Item part | NAN |
| Call number prefix | N |
| Call number suffix | NAN |
| Withdrawn status | Lost status | Source of classification or shelving scheme | Damaged status | Not for loan | Collection code | Home library | Current library | Date acquired | Source of acquisition | Cost, normal purchase price | Total Checkouts | Full call number | Barcode | Date last seen | Cost, replacement price | Price effective from | Koha item type |
|---|---|---|---|---|---|---|---|---|---|---|---|---|---|---|---|---|---|
| Dewey Decimal Classification | Fiction | Shahdara Branch | Shahdara Branch | 09/11/2019 | BPPD/PUB | 60.00 | N NAN | A-937371 | 09/11/2019 | 60.00 | 09/11/2019 | English Books |
